000 00689cam a2200241u 4500
001 10249250
003 ASAB
005 20180827062656.0
008 821208s1951 enka 000 0 eng
010 _a 52025672
020 _a81-7754-128-5
040 _aDLC
_cASAB
_dDLC
050 0 0 _aSF253
_b.D37
082 _a637.127
100 1 _aDavis, John Gilbert. [from old catalog]
_92111
245 0 0 _aMilk testing;
_bthe laboratory control of milk.
260 _aLondon,
_bDairy Industries,
_c1951.
300 _a260 p.
_billus.
_c22 cm.
650 0 _aMilk
_xAnalysis.
_92112
650 0 _aMilk
_xTesting.
_92113
906 _a0
_bcbc
_cpremunv
_du
_encip
_f19
_gy-gencatlg
942 _2ddc
_cBK
999 _c480220
_d480220